ბათუმის შოთა რუსთაველის სახელმწიფო უნივერსიტეტის ბიბლიოთეკა

გეომეტრიის საფუძვლები. ნ.1 (ბიბ.ჩანაწერი № 53180)

000 -LEADER
fixed length control field 00780nam a2200253Ia 4500
001 - CONTROL NUMBER
control field 20221
003 - CONTROL NUMBER IDENTIFIER
control field GE_BSU
008 - FIXED-LENGTH DATA ELEMENTS--GENERAL INFORMATION
fixed length control field 181216s||||||||xx |||||||||||||| ||und||
040 ## - CATALOGING SOURCE
Transcribing agency GE_BSU
080 ## - UNIVERSAL DECIMAL CLASSIFICATION NUMBER
Universal Decimal Classification number 514(075.8)
100 ## - MAIN ENTRY--PERSONAL NAME
Personal name ფხაკაძე, ა. ვ.
245 ## - TITLE STATEMENT
Title გეომეტრიის საფუძვლები. ნ.1
245 ## - TITLE STATEMENT
Remainder of title სახელმძღვანელო
260 ## - PUBLICATION, DISTRIBUTION, ETC.
Place of publication, distribution, etc. თბილისი
260 ## - PUBLICATION, DISTRIBUTION, ETC.
Name of publisher, distributor, etc. ცოდნა
260 ## - PUBLICATION, DISTRIBUTION, ETC.
Date of publication, distribution, etc. 1961
300 ## - PHYSICAL DESCRIPTION
Extent 285გვ. 20სმ.
653 ## - INDEX TERM--UNCONTROLLED
Uncontrolled term გეომეტრია
653 ## - INDEX TERM--UNCONTROLLED
Uncontrolled term გეომეტრიის საფუძვლები. ნ.1
653 ## - INDEX TERM--UNCONTROLLED
Uncontrolled term მათემატიკა
653 ## - INDEX TERM--UNCONTROLLED
Uncontrolled term ქსეროქსი
942 ## - ADDED ENTRY ELEMENTS (KOHA)
Koha item type წიგნი
ეგზემპლარები
Withdrawn status Lost status Damaged status Not for loan Date acquired Barcode Date last seen Price effective from Koha item type Public note
        2018-12-17 00459 2018-12-17 2018-12-17 წიგნი ქსეროქსი